000 00701nam a2200217Ii 4500
003 JO-AjNU
008 230605s9999||||xx |||||||||||||| ||und||
017 _a2000/13693
020 _a977-287-144-0
040 _aJO-AjNU
_bara
_erda
_cJO-AjNU
041 _aara
050 1 4 _aTJ785.A45 2000
100 3 _aحلمي، احمد زكي/ م مشارك سلام محمد جعفر,
_eauthor
_96963
245 0 0 _aمحركات الاحتراق الداخلي
264 3 1 _aالقاهرة: دار الكتب العلمية ، 2000
300 _a335ص
336 _atext
_btxt
_2rdacontent
337 _aunmediated
_bn
_2rdamedia
338 _avolume
_bnc
_2rdacarrier
650 4 _aمحركات الية
_96964
999 _aA39
_c3607
_d3607